[Event "ISR-chT 1112"]
[Site "Israel"]
[Date "2012.03.02"]
[Round "11.5"]
[White "Nor, Igor"]
[Black "Nabaty, Tamir"]
[Result "1/2-1/2"]
[WhiteElo "2255"]
[BlackElo "2563"]
[PlyCount "98"]
[EventDate "2011.12.16"]
[EventType "team-tourn"]
[EventRounds "11"]
[EventCountry "ISR"]
[SourceTitle "EXT 2013"]
[Source "ChessBase"]
[SourceDate "2012.11.22"]
[SourceVersion "1"]
[SourceVersionDate "2012.11.22"]
[SourceQuality "1"]

1. e4 c5 2. Nf3 Nc6 3. d4 cxd4 4. Nxd4 Qb6 5. Nb3 Nf6 6. Nc3 e6 7. Bd3 a6 8. Qe2 d6 9. g4 h6 10. Be3 Qc7 11. h4 b5 12. 0-0-0 h5 13. gxh5 Rb8 14. Bg5 Be7 15. f4 b4 16. Nb1 e5 17. h6 gxh6 18. Bxf6 Bxf6 19. f5 a5 20. Bb5 Bd7 21. a4 bxa3 22. Nxa3 Ke7 23. Rh3 Nd4 24. Nxd4 exd4 25. Bxd7 Qxd7 26. Nc4 Qb5 27. Rb3 Qc5 28. Qd3 a4 29. Rxb8 Rxb8 30. b3 Qb4 31. Kb2 Bxh4 32. e5 axb3 33. exd6+ Kd7 34. cxb3 Bf6 35. Ra1 Qxb3+ 36. Qxb3 d3+ 37. Kc1 Rxb3 38. Ra7+ Kc8 39. Ra8+ Kb7 40. Na5+ Kxa8 41. Nxb3 Bg5+ 42. Kd1 Kb8 43. Nc5 d2 44. Nd7+ Kc8 45. Ne5 f6 46. Ng4 Kd7 47. Nxf6+ Kxd6 48. Ne4+ Ke5 49. Nxd2 Kxf5 1/2-1/2

[Event "Karl Wagner Memorial 5th"]
[Site "Graz"]
[Date "1998.09.12"]
[Round "8.17"]
[White "Bawart, Markus"]
[Black "Nor, Igor"]
[Result "1-0"]
[WhiteElo "2345"]
[BlackElo "2280"]
[PlyCount "95"]
[EventDate "1998.09.??"]
[EventType "swiss"]
[EventRounds "9"]
[EventCountry "AUT"]
[SourceTitle "EXT 1999"]
[Source "ChessBase"]
[SourceDate "1998.11.16"]
[SourceVersion "1"]
[SourceVersionDate "1998.11.16"]
[SourceQuality "1"]

1. e4 c5 2. Nf3 d6 3. c3 Nf6 4. Be2 Nc6 5. d3 g6 6. 0-0 Bg7 7. d4 Bg4 8. d5 Bxf3 9. Bxf3 Ne5 10. Be2 0-0 11. f4 Ned7 12. Bf3 Qc7 13. c4 b5 14. cxb5 a6 15. bxa6 Rxa6 16. Qe2 Qa7 17. Nc3 Ne8 18. Kh1 Nc7 19. Bg4 Nb6 20. f5 Na4 21. fxg6 hxg6 22. Bg5 Nxc3 23. bxc3 f6 24. Bh4 Rb6 25. Bd7 Qb8 26. Qg4 Qd8 27. Be6+ Nxe6 28. Qxe6+ Kh7 29. Rab1 Rxb1 30. Rxb1 Qa5 31. h3 Qxc3 32. Qxe7 f5 33. Rb7 Kh8 34. Bg3 f4 35. Qh4+ Kg8 36. Bxf4 Qd4 37. Qg4 Qf6 38. Bg3 Qa1+ 39. Kh2 Rf1 40. Rb8+ Bf8 41. Qxg6+ Kh8 42. Qh5+ Kg8 43. Qg6+ Kh8 44. Bxd6 Rh1+ 45. Kg3 Qe1+ 46. Kg4 Qe2+ 47. Kf5 Rf1+ 48. Ke6 1-0

[Event "Paks Atom Cup IM 3rd"]
[Site "Paks"]
[Date "1998.??.??"]
[Round "9"]
[White "Brumen, Dinko"]
[Black "Nor, Igor"]
[Result "1/2-1/2"]
[WhiteElo "2355"]
[BlackElo "2280"]
[PlyCount "129"]
[EventDate "1998.09.??"]
[EventType "tourn"]
[EventRounds "11"]
[EventCountry "HUN"]
[EventCategory "2"]
[SourceTitle "EXT 1999"]
[Source "ChessBase"]
[SourceDate "1998.11.16"]
[SourceVersion "1"]
[SourceVersionDate "1998.11.16"]
[SourceQuality "1"]

1. d4 d5 2. Bg5 c6 3. e3 h6 4. Bh4 Qb6 5. Qc1 e5 6. Nf3 Nd7 7. dxe5 Nxe5 8. Nxe5 Qb4+ 9. Nd2 Qxh4 10. c4 Qf6 11. f4 Bd6 12. cxd5 Bxe5 13. fxe5 Qxe5 14. dxc6 Qxe3+ 15. Be2 Nf6 16. Nc4 Qc5 17. cxb7 Bxb7 18. Qe3+ Qxe3 19. Nxe3 0-0 20. Bf3 Rab8 21. Bxb7 Rxb7 22. 0-0-0 Re8 23. Rhe1 Rc7+ 24. Nc2 Rec8 25. Rd2 Rc4 26. b3 Rc3 27. Kb2 Nd5 28. Na3 Nf4 29. Red1 Re3 30. Nc4 Re7 31. a4 Rce8 32. g3 Ne6 33. Rd7 Nc5 34. Rxe7 Rxe7 35. Ka3 Re2 36. Rd2 Rxd2 37. Nxd2 Nd3 38. a5 Kf8 39. Ka4 a6 40. b4 Ke7 41. b5 Kd7 42. bxa6 Kc6 43. Nb3 Nb2+ 44. Kb4 Nd3+ 45. Kc3 Ne5 46. Nd4+ Kc7 47. Kb4 h5 48. Nb5+ Kb8 49. Kc5 g5 50. Kd5 Nf3 51. h3 f5 52. Nd4 g4 53. h4 f4 54. gxf4 Nxh4 55. f5 g3 56. f6 g2 57. f7 Ng6 58. Ne2 Ka7 59. Kd4 Kxa6 60. Ke3 Kxa5 61. Kf2 Kb6 62. Nf4 Nf8 63. Kxg2 Kc6 64. Kg3 Kd6 65. Nxh5 1/2-1/2

[Event "Paks Atom Cup IM 3rd"]
[Site "Paks"]
[Date "1998.??.??"]
[Round "2"]
[White "Nor, Igor"]
[Black "Jagodzinski, Andreas"]
[Result "0-1"]
[WhiteElo "2280"]
[BlackElo "2215"]
[PlyCount "82"]
[EventDate "1998.09.??"]
[EventType "tourn"]
[EventRounds "11"]
[EventCountry "HUN"]
[EventCategory "2"]
[SourceTitle "EXT 1999"]
[Source "ChessBase"]
[SourceDate "1998.11.16"]
[SourceVersion "1"]
[SourceVersionDate "1998.11.16"]
[SourceQuality "1"]

1. d4 Nf6 2. c4 e6 3. Nc3 Bb4 4. e3 0-0 5. Bd3 c5 6. Nf3 Nc6 7. 0-0 d5 8. a3 Bxc3 9. bxc3 dxc4 10. Bxc4 Qc7 11. Bd3 e5 12. Qc2 Bg4 13. Nxe5 Nxe5 14. dxe5 Qxe5 15. f3 Be6 16. Re1 c4 17. Bf1 Qc5 18. Kh1 Rfe8 19. e4 b5 20. Be3 Qc7 21. Qf2 Nd7 22. Bd4 f6 23. f4 a6 24. Qh4 Bf7 25. Re3 Nf8 26. f5 Nd7 27. Rg3 Kh8 28. Re1 Re7 29. Ree3 Rae8 30. e5 fxe5 31. Rxg7 Kxg7 32. Rh3 Bg8 33. Be3 Qc6 34. Rg3+ Kh8 35. Bh6 Qf6 36. Bg5 Qxf5 37. Rf3 Qe6 38. Bxe7 Qxe7 39. Qh5 Rf8 40. Be2 Rxf3 41. Bxf3 Qxa3 0-1

[Event "Paks Atom Cup IM 3rd"]
[Site "Paks"]
[Date "1998.??.??"]
[Round "3"]
[White "Toth, Andras"]
[Black "Nor, Igor"]
[Result "0-1"]
[WhiteElo "2330"]
[BlackElo "2280"]
[PlyCount "80"]
[EventDate "1998.09.??"]
[EventType "tourn"]
[EventRounds "11"]
[EventCountry "HUN"]
[EventCategory "2"]
[SourceTitle "EXT 1999"]
[Source "ChessBase"]
[SourceDate "1998.11.16"]
[SourceVersion "1"]
[SourceVersionDate "1998.11.16"]
[SourceQuality "1"]

1. e4 c5 2. Nf3 d6 3. d4 cxd4 4. Nxd4 Nf6 5. Nc3 Nc6 6. Bg5 e6 7. Qd2 Be7 8. 0-0-0 0-0 9. Nb3 Qb6 10. f3 Rd8 11. Nb5 Rd7 12. Be3 Qd8 13. N5d4 e5 14. Nf5 d5 15. Bd3 Bb4 16. Qe2 d4 17. Bg5 g6 18. Nh6+ Kg7 19. Bc4 Qc7 20. Qf2 Ne8 21. Qh4 f6 22. Bd2 Bxd2+ 23. Rxd2 Nb4 24. Bb5 Re7 25. a3 Nc6 26. g4 Nd6 27. Bd3 Nf7 28. Nxf7 Rxf7 29. Bc4 Rf8 30. Kb1 Ne7 31. Bd3 g5 32. Qf2 Ng6 33. Nc1 Be6 34. Ne2 Kh8 35. Ng3 Rab8 36. Nh5 b5 37. h4 b4 38. axb4 Rxb4 39. b3 Qc3 40. Qe1 Bxb3 0-1

[Event "Budapest FS02 GM"]
[Site "Budapest"]
[Date "1997.??.??"]
[Round "2"]
[White "Habibi, Ali"]
[Black "Nor, Igor"]
[Result "1/2-1/2"]
[WhiteElo "2345"]
[BlackElo "2365"]
[PlyCount "144"]
[EventDate "1997.02.??"]
[EventType "tourn"]
[EventRounds "11"]
[EventCountry "HUN"]
[EventCategory "7"]
[SourceTitle "CBM 056 Extra"]
[Source "ChessBase"]
[SourceDate "1997.03.01"]
[SourceVersion "1"]
[SourceVersionDate "1997.03.01"]
[SourceQuality "1"]

1. Nf3 d5 2. g3 c5 3. Bg2 Nc6 4. 0-0 Nf6 5. d3 e5 6. e4 d4 7. Nbd2 Be7 8. Ne1 h5 9. h3 h4 10. g4 Be6 11. Nc4 Nd7 12. f4 exf4 13. Bxf4 Bxc4 14. dxc4 Nde5 15. b3 Bd6 16. Nd3 Nxd3 17. cxd3 Bxf4 18. Rxf4 Ne5 19. Rf5 Qe7 20. a3 g6 21. Rf2 0-0 22. Qd2 Rab8 23. a4 a6 24. Bf1 b5 25. cxb5 axb5 26. a5 Ra8 27. a6 b4 28. Qf4 f6 29. Ra5 Nc6 30. Ra1 Kg7 31. Rc2 Rfc8 32. Be2 Ne5 33. Qc1 Qd6 34. g5 Rc7 35. gxf6+ Qxf6 36. Rxc5 Rf7 37. Kh1 Nxd3 38. Bxd3 Qf3+ 39. Kg1 Qg3+ 40. Kh1 Qxh3+ 41. Kg1 Qg3+ 42. Kh1 Qxd3 43. Qc2 Rf1+ 44. Rxf1 Qxf1+ 45. Kh2 Rf8 46. Rc7+ Kh8 47. a7 Rf2+ 48. Qxf2 Qxf2+ 49. Kh1 Qf1+ 50. Kh2 Qa6 51. Rd7 Qc8 52. e5 d3 53. e6 d2 54. Rxd2 Qc7+ 55. Kg2 Qc6+ 56. Kf2 Kg7 57. e7 Qa8 58. Ke2 Qe4+ 59. Kd1 h3 60. Re2 h2 61. Rxe4 h1Q+ 62. Re1 Qf3+ 63. Re2 Qxb3+ 64. Ke1 Qg3+ 65. Kf1 Qf3+ 66. Ke1 Qg3+ 67. Kd2 Qc3+ 68. Kd1 Qa1+ 69. Kd2 Qc3+ 70. Kd1 Qa1+ 71. Kc2 Qc3+ 72. Kd1 Qa1+ 1/2-1/2

[Event "Budapest FS02 GM"]
[Site "Budapest"]
[Date "1997.??.??"]
[Round "5"]
[White "Nor, Igor"]
[Black "Peter, Ambrus"]
[Result "0-1"]
[WhiteElo "2365"]
[BlackElo "2455"]
[PlyCount "72"]
[EventDate "1997.02.??"]
[EventType "tourn"]
[EventRounds "11"]
[EventCountry "HUN"]
[EventCategory "7"]
[SourceTitle "CBM 056 Extra"]
[Source "ChessBase"]
[SourceDate "1997.03.01"]
[SourceVersion "1"]
[SourceVersionDate "1997.03.01"]
[SourceQuality "1"]

1. d4 Nf6 2. c4 g6 3. Nc3 Bg7 4. e4 d6 5. Nf3 0-0 6. Be2 Nbd7 7. 0-0 e5 8. d5 Nc5 9. Qc2 a5 10. Be3 Ng4 11. Bg5 f6 12. Bh4 g5 13. Bg3 f5 14. Nd2 f4 15. Bxg4 Bxg4 16. f3 Bd7 17. Bf2 h5 18. a3 g4 19. b4 Na6 20. Rfb1 g3 21. Be1 h4 22. h3 axb4 23. axb4 Nxb4 24. Qd1 Rxa1 25. Rxa1 c5 26. Nb3 Bf6 27. Qe2 Qb8 28. Nb5 Na6 29. Na5 Bd8 30. Qa2 Bb6 31. Kf1 Nb4 32. Qb3 Bxb5 33. cxb5 Qa7 34. Bxb4 cxb4 35. Ra4 Bxa5 36. Qa2 Qd4 0-1

[Event "ISR-ch"]
[Site "Jerusalem"]
[Date "1996.??.??"]
[Round "8"]
[White "Nor, Igor"]
[Black "Mikhalevski, Alexander"]
[Result "1/2-1/2"]
[WhiteElo "2295"]
[BlackElo "2460"]
[PlyCount "45"]
[EventDate "1996.10.26"]
[EventType "swiss"]
[EventRounds "9"]
[EventCountry "ISR"]
[SourceTitle "CBM 056"]
[Source "ChessBase"]
[SourceDate "1997.02.01"]
[SourceVersion "1"]
[SourceVersionDate "1997.02.01"]
[SourceQuality "1"]

1. Nf3 d5 2. c4 e6 3. b3 Nf6 4. g3 Be7 5. Bg2 0-0 6. Bb2 b6 7. 0-0 Bb7 8. d4 Nbd7 9. Nbd2 c5 10. cxd5 exd5 11. Rc1 Ne4 12. dxc5 Ndxc5 13. b4 Ne6 14. a3 a5 15. Qb3 axb4 16. axb4 Qd6 17. Nxe4 dxe4 18. Ne5 Qxb4 19. Qxb4 Bxb4 20. Rc4 Bc5 21. Bxe4 Bxe4 22. Rxe4 Rfd8 23. Nd3 1/2-1/2

[Event "Kfar Sava op"]
[Site "Kfar Sava"]
[Date "1995.??.??"]
[Round "?"]
[White "Gershkowich, David"]
[Black "Nor, Igor"]
[Result "1-0"]
[WhiteElo "2250"]
[BlackElo "2300"]
[PlyCount "61"]
[EventDate "1995.??.??"]
[EventType "swiss"]
[EventRounds "9"]
[EventCountry "ISR"]
[SourceTitle "EXT 2004"]
[Source "ChessBase"]
[SourceDate "2003.11.25"]
[SourceVersion "1"]
[SourceVersionDate "2003.11.25"]
[SourceQuality "1"]

1. e4 c5 2. Nf3 d6 3. d4 cxd4 4. Nxd4 Nf6 5. Nc3 e6 6. Bc4 Be7 7. Bb3 Na6 8. f4 Nc5 9. Qf3 e5 10. Nf5 Bxf5 11. exf5 e4 12. Qe2 d5 13. Qb5+ Kf8 14. Be3 a6 15. Qe2 d4 16. 0-0-0 d3 17. cxd3 Nxb3+ 18. axb3 Qc8 19. dxe4 Nxe4 20. Qc2 Nd6 21. Rd5 Qc6 22. Bc5 Rc8 23. Rhd1 Qxc5 24. Rxc5 Rxc5 25. Qf2 Rc6 26. Kb1 Nxf5 27. Rd7 g6 28. g4 Bc5 29. Qd2 Ne7 30. b4 Bb6 31. Rxb7 1-0